03960nab a2200301 i 4500003000900000005001700009008004100026040001800067072001400085072001400099100003300113100003900146100002700185100003700212245009900249500007600348520126000424520157901684650000803263650002303271650001303294650003503307650002503342650002103367650001903388773017303407856007803580BR-BrBNA20251007105607.0251007b2017 bl.|r|pooa||| 00| 0 eng | aBR-BrBNAbeng aH20b0940 aH01b4120 aFialho, Régis de Oliveira  aPapa, Marli de Fátima Stradioto  aPanosso, Alan Rodrigo  aCassiolato, Ana Maria Rodrigues  aFungitoxicity of essential oils on Plasmopara viticola, causal agent of grapevine downy mildew a Publicação online; 34 ref.; 5 tables. 3 illus.; Summaries (En, Pt) a ABSTRACT- This study aimed to evaluate the fungitoxic (antifungal) effect of seven essential oils on Plasmopara viticola, the causal agent of grapevine downy mildew. The cinnamon, eucalyptus globulus, marjoram, melaleuca, peppermint, oregano and white thyme essential oils were compared with the mancozeb + metalaxyl-M fungicide. Three experiments were conducted to evaluate the effect of essential oils on spore germination. The first experiment evaluated the effect of direct contact of essential oils on the pathogen; the second evaluated the effect of volatile compounds on the pathogen and the third assessed the behavior of essential oils, when applied to vine leaves in field conditions, on the pathogen. All essential oils inhibited the spores’ germination, but in varying degrees, in addition, presenting fungistatic activity. All the essential oils showed chemical instability when the incubation time or the interval between products application where increased, all oils decrease antifungal activity percentage. Noteworthy, the cinnamon and the eucalyptus globulus essential oils were the most fungitoxic (antifungal) on P. viticola. Index terms: Fungicidal activity, fungistatic activity, alternative control, spore germination a RESUMO - O estudo teve como objetivo avaliar o efeito antifúngico de sete óleos essenciais sobre a germinação de esporos de Plasmopara viticola, agente causal do míldio da videira. Os óleos essenciais de canela, eucalipto globulus, manjerona, melaleuca, peppermint, orégano e tomilho branco foram comparados com o fungicida mancozebe + metalaxil-M. Foram realizados três experimentos avaliando o efeito dos óleos essenciais na germinação de esporos. O primeiro experimento avaliou o efeito do contato direto dos óleos essenciais sobre o patógeno; o segundo avaliou o efeito dos compostos voláteis sobre o patógeno e o terceiro avaliou o comportamento dos óleos essenciais, quando aplicados em folhas de videira em condições de campo, sobre o patógeno. Todos os óleos essenciais inibiram a germinação dos esporos de P. viticola, mas em graus variáveis, além de apresentarem atividade fungistática. Todos os óleos essenciais possuem instabilidade química, visto que, à medida que se aumenta o tempo de incubação ou o intervalo entre a aplicação dos produtos, a percentagem de atividade antifúngica de todos os óleos diminui. Nos menores períodos de incubação, mas em altas concentrações, os óleos essenciais são tão eficientes quanto o fungicida. Destacam-se os óleos essenciais de canela e eucalipto globulus como os mais antifúngicos sobre P. viticola. Termos de indexação: Atividade fungicida, atividade fungistática, controle alternativo, germinação de esporos aUVA aDOENÇA FÚNGICA aMÍLDIO aLEVANTAMENTO FITOSSANITÁRIO aCONTROLE ALTERNATIVO aÓLEO ESSENCIAL aDEFESA VEGETAL0 0805dJaboticabal-SP Sociedade Brasileira de Fruticultura 1978o2024-3591tRevista Brasileira de Fruticultura (Brazil)x0100-2945gv. 39(4) p. 1-14; (2017)wBR2025004208 uhttps://www.scielo.br/j/rbf/a/LTBy64rrKqpxzLRPR8rgs9S/?format=pdf&lang=en